000 01411cad a22002295a 4500
001 L150340
008 100701s2010 xxkd f s 000 0 eng d
035 _a(Sirsi) u150340
041 0 _aeng
050 0 4 _a333.337 $2 18
110 2 _aSavills Project Consultancy
_95857
245 0 0 _aCommercial development activity
_bJune 2010
_h[electronic resource]
260 _aLondon
_bSavills
_c2010
490 0 _aSavills UK Commercial Development Activity
_vJune 2010
520 _aUK commercial development grew in May with rising private sector activity offsetting falling public sector development. Almost 22% of commercial developers signalled a rise in total activity in May against 18% reporting a reduction. Little change registered in the Total Commercial Development Activity Index at +4.1% in May over +4.0 % in April. Higher levels of total commercial development now recorded for three of last four months. Developers are most optimistic about industrial/warehouse activity but confidence in the office and retail/leisure sectors has eased since April.
590 _aKA
650 2 4 _aSAVILLS UK COMMERCIAL DEVELOPMENT ACTIVITY PMI
651 4 _aUnited Kingdom
_y
690 _aPROPERTY-COMMERCIAL PROPERTY-COMMERCIAL PROPERTY MARKET
856 4 0 _uhttps://www.savills.com/uk-research/uk-commercial-development-activity-june-2010.pdf
_z View this report free of charge at www.savills.com
942 _n0
999 _c110835
_d110835